| 000 | 00396 a2200133 4500 | ||
|---|---|---|---|
| 001 | 87856 | ||
| 082 | _aPR 232 | ||
| 090 |
_c41318 _d41318 |
||
| 100 | _aNadeem Hussain Shah, Plt Off 14783 | ||
| 245 |
_aPerformance prediction of six PAF fighters using ACDS _bPerformance estimation of F-7 aircraft P-V |
||
| 260 |
_aRisalpur _bNUST Risalpur _c2008 |
||
| 300 | _a48p. | ||
| 500 | _aBE Project Reports | ||
| 942 |
_aCAE NUST _kPR 232 |
||
| 999 |
_c322929 _d322929 |
||